000 01601nam0a2200349 i 4500
001 RU\NLR\BIBL_A\011352449
005 20240921233509.0
010 _a9785880175710
_93000
021 _aRU
_b2017-12709
_9936
035 _a(RuMoRGB)008805441
035 _a(NLR Aleph) 011352449
090 _a11252665
_c11252665
100 _a20170323d2017 um y0rusy50 ca
101 0 _arus
_achu
102 _aRU
105 _ao|||w|||000zy
200 1 _aПоследование во Святую и Великую Неделю Пасхи и во всю Светлую седмицу
_e[на церковнославянском языке]
210 _aМосква
_cИзд-во Московской Патриархии Русской Православной Церкви
_d2017
215 _a174, [2] с.
_cцв. ил.
_d17
300 _aЗагл. обл.: Пасха
300 _aОписано по макету. Тит. л., обл. и часть текста на церковнослав. яз.
320 _aБиблиогр. в конце текста
327 1 _aВ кн. также: О службе дня Святой Пасхи и всей Светлой седмицы: на русском языке
512 1 _aПасха
606 1 _aПасха христианская, праздник
_xБогослужение православное
_92533793
_3RU\NLR\AUTH\661500670
686 _aЭ372.24-503.182.12,0
_2rubbk
686 2 _aЭ372.24-503.181.12
942 _cBOOK
980 _aNBR